000 00954nam a2200229 i 4500
001 96931
003 ES-MaACL
005 20251015145507.0
007 t|
008 050704s1957 sp |||| | spa d
100 1 _aMannheim, Karl,
_d1893-1947
_976063
245 1 0 _aEnsayos de sociología de la cultura
_b: hacia una sociología del espíritu. El problema de la "Intelligentsia". La democratización de la cultura /
_cKarl Mannheim ; recopilados por Ernest Manheim en colaboración con Paul Kecskemeti ; nota preliminar de Juan Zaragüeta ; traduccióndel inglés por Manuel Suárez.
260 _aMadrid :
_bAguilar,
_c1957.
300 _a354 p. ;
_c20 cm.
650 _aSociología de la cultura.
_9146353
700 1 _aManheim, Ernest.
_976022
700 1 _aKecskemeti, Paul.
_967702
700 1 _aZaragüeta, Juan.
_9118040
700 1 _aSuárez, Manuel,
_d1907-1981
_9108572
852 _aES-MaACL
_jC-13565
999 _c96931
_d96931